Factores de riesgo asociados a conductas suicidas en adolescentes de instituciones educativas ubicadas en la localidad 1, Cartagena (Colombia). 2020 / (Registro nro. 4075)

Detalles MARC
000 -LEADER
fixed length control field 01806nam a2200301 i 4500
005 - DATE AND TIME OF LATEST TRANSACTION
control field 20250329165435.0
007 - PHYSICAL DESCRIPTION FIXED FIELD--GENERAL INFORMATION
fixed length control field ta
008 - FIXED-LENGTH DATA ELEMENTS--GENERAL INFORMATION
fixed length control field 190415s2021 000 0 eng d
040 ## - CATALOGING SOURCE
Original cataloging agency CO-CtgCURN
Language of cataloging spa
Transcribing agency coctgcurn
Description conventions rda
082 0# - DEWEY DECIMAL CLASSIFICATION NUMBER
Classification number ENF 2021
Item number O839
100 1# - MAIN ENTRY--PERSONAL NAME
Personal name Ospino Núñez, María Fernanda,
Relator term author.
Relationship aut
245 10 - TITLE STATEMENT
Title Factores de riesgo asociados a conductas suicidas en adolescentes de instituciones educativas ubicadas en la localidad 1, Cartagena (Colombia). 2020 /
Statement of responsibility, etc. María Fernanda Ospino Núñez; Daniela Puello Cardona; Jesús Manuel Roa Pino; Angie Katherine Rodríguez Gutiérrez; directora Zorayda Barrios Puerta.
260 ## - PUBLICATION, DISTRIBUTION, ETC.
Place of publication, distribution, etc. Cartagena de Indias :
Name of publisher, distributor, etc. Corporación Universitaria Rafael Núñez,
Date of publication, distribution, etc. 2021.
300 ## - PHYSICAL DESCRIPTION
Extent 129 hojas.
336 ## - CONTENT TYPE
Content type term text
Content type code txt
Source rdacontent
337 ## - MEDIA TYPE
Media type term unmediated
Media type code n
Source rdamedia
338 ## - CARRIER TYPE
Carrier type term volume
Carrier type code nc
Source rdacarrier
504 ## - BIBLIOGRAPHY, ETC. NOTE
Bibliography, etc. note Trabajo de grado (Enfermera). Corporación Universitaria Rafael Nuñez. Facultad de Ciencias de la Salud. Programa de Enfermería, 2021.
520 ## - SUMMARY, ETC.
Summary, etc. "El suicidio se cataloga como un grave asunto de salud pblica. La situacin es acuciante cuando se toma en cuenta a la poblacin ms joven. Es por ello que comprender la ideacin de esta prctica y los potenciales factores que la desencadenan."
650 #0 - SUBJECT ADDED ENTRY--TOPICAL TERM
Topical term or geographic name entry element Enfermería
Form subdivision Tesis y disertaciones academicas.
700 1# - ADDED ENTRY--PERSONAL NAME
Personal name Puello Cardona, Daniela.
700 1# - ADDED ENTRY--PERSONAL NAME
Personal name Roa Pino, Jesús Manuel.
700 1# - ADDED ENTRY--PERSONAL NAME
Personal name Rodríguez Gutiérrez, Angie Katherine.
700 1# - ADDED ENTRY--PERSONAL NAME
Personal name Barrios Puerta, Zorayda,
Relator term directora.
856 ## - ELECTRONIC LOCATION AND ACCESS
Uniform Resource Identifier <a href="https://unicurn.sharepoint.com/:b:/s/biblioteca/Ee_o6d9wqt5OoeHih2FrXf8BfOcdzLZb8jV9a7r1Os49Lg?e=HXxpS3">https://unicurn.sharepoint.com/:b:/s/biblioteca/Ee_o6d9wqt5OoeHih2FrXf8BfOcdzLZb8jV9a7r1Os49Lg?e=HXxpS3</a>
Public note Click aqui para ver el recurso en texto completo
942 ## - ADDED ENTRY ELEMENTS (KOHA)
Source of classification or shelving scheme Dewey Decimal Classification
Koha item type Trabajos de grado
Classification part ENF 2021
Item part O839
Existencias
Withdrawn status Lost status Source of classification or shelving scheme Damaged status Not for loan Collection Home library Current library Shelving location Date acquired Source of acquisition Cost, normal purchase price Total checkouts Full call number Barcode Date last seen Price effective from Koha item type
    Dewey Decimal Classification     Trabajos de grado Miguel Henríquez Emiliani Miguel Henríquez Emiliani Trabajo de grado 06/01/2019 El autor 350000.00   ENF 2021 O839 023511 06/20/2019 06/20/2019 Trabajos de grado